Don Gitano (Record no. 130667)

MARC details
000 -LEADER
campo de control de longitud fija 00734nam a2200205 i 4500
001 - NÚMERO DE CONTROL
campo de control 130667
003 - IDENTIFICADOR DE NÚMERO DE CONTROL
campo de control ES-MaACL
005 - FECHA Y HORA DE LA ÚLTIMA TRANSACCIÓN
campo de control 20231230062959.0
007 - CAMPO FIJO DE DESCRIPCIÓN FÍSICA--INFORMACIÓN GENERAL
campo de control de longitud fija t|
008 - DATOS DE LONGITUD FIJA--INFORMACIÓN GENERAL
campo de control de longitud fija 070803s1944 sp ||||1| spa d
100 1# - ENTRADA PRINCIPAL--NOMBRE DE PERSONA
Nombre de persona Starkie, Walter,
Fechas asociadas al nombre 1894-1976
9 (RLIN) 107933
245 10 - MENCIÓN DEL TÍTULO
Título Don Gitano
Resto del título : aventuras de un irlandés con su violín en Marruecos, Andalucía y en La Mancha /
Mención de responsabilidad, etc. Walter Starkie ; traducción de Antonio Espina.
260 ## - PUBLICACIÓN, DISTRIBUCIÓN, ETC.
Lugar de publicación, distribución, etc. Barcelona :
Nombre del editor, distribuidor, etc. Ediciones Pallas,
Fecha de publicación, distribución, etc. 1944.
300 ## - DESCRIPCIÓN FÍSICA
Extensión 429 p., 4 h. de lám. ;
Dimensiones 19 cm.
490 1# - MENCIÓN DE SERIE
Mención de serie Rosa de los vientos
700 1# - ENTRADA AGREGADA--NOMBRE PERSONAL
Nombre de persona Espina, Antonio,
Fechas asociadas al nombre 1894-1972
9 (RLIN) 47833
830 0# - PUNTO DE ACCESO ADICIONAL DE SERIE-TÍTULO UNIFORME
Título uniforme Rosa de los vientos
9 (RLIN) 219494
852 ## - LOCALIZACIÓN
Ubicación ES-MaACL
Número de control de estantería F-16276
Sublocalización o colección R.21272
Holdings
Estatus retirado Estado de pérdida Estado de daño No para préstamo Biblioteca de origen Biblioteca actual Ubicación en estantería Fecha de adquisición Fuente de adquisición Total de préstamos Signatura topográfica completa Código de barras Visto por última vez Precio de reemplazo Tipo de ítem Koha
        Biblioteca del Ateneo de Madrid Biblioteca del Ateneo de Madrid Sala Pecera Planta 2 17/01/2008     F-16276 1136047 23/02/2023 23/02/2023 Libro impreso